Missing Word: For Dummies Books Quiz Stats

 Plays Quiz Updated Jun 21, 2018

Challenge
Share
Tweet
Embed
Score 0/24 Timer 05:00
2 Plays Today
Title Missing Word % Correct
Dungeons & _____ for DummiesDragons
96.7%
Tour de _____ for DummiesFrance
95.8%
Horseback _____ for DummiesRiding
93.1%
Teaching English as a Foreign _____ for DummiesLanguage
92.8%
_____ Russell Terriers for DummiesJack
91.6%
Building _____ Coops for DummiesChicken
91%
Writing _____ Adult Fiction for DummiesYoung
85.5%
_____ Product Development for DummiesNew
84.9%
_____ Physics for DummiesQuantum
84.3%
High _____ Pressure for DummiesBlood
82.8%
Stained _____ for DummiesGlass
80.4%
_____ Repair for DummiesAuto
76.6%
Title Missing Word % Correct
_____ Remedies for DummiesHerbal
76.5%
_____ Speaking for DummiesPublic
75.6%
The Origins of the _____ for DummiesUniverse
74%
Real _____ Investing for DummiesEstate
73.9%
_____ Painting for DummiesOil
73.7%
_____ Security for DummiesSocial
70.6%
Weight _____ for DummiesTraining
69.8%
_____ Gardening for DummiesVegetable
57.2%
_____ Planning for DummiesWedding
55.6%
_____ Your Memory for DummiesImproving
55.1%
_____ Funds for DummiesMutual
54%
_____ Patterns for DummiesKnitting
52.7%

Today's Daily Dose

You're not logged in!

Compare scores with friends on all Sporcle quizzes.
OR
Log In

You Might Also Like...

Show Comments

Extras

Top Quizzes Today


Score Distribution

Your Account Isn't Verified!

In order to create a playlist on Sporcle, you need to verify the email address you used during registration. Go to your Sporcle Settings to finish the process.

Report this User

Report this user for behavior that violates our Community Guidelines.

Details: